Research methodology for commerce and management (Record no. 1308883)

MARC details
000 -LEADER
fixed length control field 01694nam a2200205 4500
005 - DATE AND TIME OF LATEST TRANSACTION
control field 20250411144741.0
008 - FIXED-LENGTH DATA ELEMENTS--GENERAL INFORMATION
fixed length control field 250411b |||||||| |||| 00| 0 eng d
020 ## - INTERNATIONAL STANDARD BOOK NUMBER
International Standard Book Number 9781835359990
040 ## - CATALOGING SOURCE
Original cataloging agency RTL
Transcribing agency RTL
084 ## - COLON CLASSIFICATION NUMBER
Classification number Xb4 R5
Assigning agency RTL
100 ## - MAIN ENTRY--PERSONAL NAME
Personal name Gallagher, Sean
9 (RLIN) 725065
245 ## - TITLE STATEMENT
Title Research methodology for commerce and management
260 ## - PUBLICATION, DISTRIBUTION, ETC.
Place of publication, distribution, etc. London
Name of publisher, distributor, etc. ED-Tech Press
Date of publication, distribution, etc. 2025
300 ## - PHYSICAL DESCRIPTION
Extent viii, 275 p. : ill.
Other physical details Includes bibliography references and index
521 ## - TARGET AUDIENCE NOTE
Target audience note Research is the scientific investigation of phenomena, involving the collection, presentation, analysis, and interpretation of facts to align speculation with reality. It is a systematic search for relevant information on a specific topic, considered an art of scientific inquiry in academic contexts. The process of gathering data for research projects is termed research methodology, applicable to both theoretical and practical studies such as management research integrating strategic concepts and operational planning. This book serves practitioners, researchers, students, and faculty in business, providing supplementary and reference material for postgraduate and research studies in commerce, management, and related social sciences. Economic methodology examines methods, particularly the scientific approach, in economics, exploring the principles underlying economic reasoning. Philosophy and economics intersect in discussing methodology. The book compiles papersóconceptual and empiricalócovering specialized areas of research in commerce and management.
650 ## - SUBJECT ADDED ENTRY--TOPICAL TERM
Topical term or geographic name entry element Research methodology
9 (RLIN) 237789
650 ## - SUBJECT ADDED ENTRY--TOPICAL TERM
Topical term or geographic name entry element Data collection
9 (RLIN) 752188
650 ## - SUBJECT ADDED ENTRY--TOPICAL TERM
Topical term or geographic name entry element Management
942 ## - ADDED ENTRY ELEMENTS (KOHA)
Source of classification or shelving scheme Colon Classification (CC)
Suppress in OPAC No
Koha item type Textbook
Classification part Xb4 R5

No items available.

Copyright @ Delhi University Library System